00621nam a2200229Ia 4500008004100000040001200041082001700053082001500070100001700085245005400102300001300156300000600169300001400175530001700189563001000206600001700216630005400233650001600287650001700303700001700320730005400337160525s9999||||xx |||||||||||||| ||und|| cEnglish aXIV.B/Turner bBORI-45236 aR. L. Turner 4aThe Gavimath and Palkigundu Inscriptions of Asoka a24+xviii cE eHardbound u00045236.pdf aStudy aR. L. Turner aThe Gavimath and Palkigundu Inscriptions of Asoka aArchaeology aInscriptions aR. L. Turner aThe Gavimath and Palkigundu Inscriptions of Asoka